000 00638cam a2200217 a 4500
001 12365507
005 20250125104157.0
008 010402s2002 maua b 001 0 eng
020 _a0072405449 (alk. paper)
050 0 0 _aHQ536
_b.C442 2002
082 0 0 _a306.85
_221
100 1 _aCherlin, Andrew J.,
_d1948-
245 1 0 _aPublic & private families :
_ban introduction /
_cAndrew J. Cherlin.
250 _a3rd ed.
260 _aBoston :
_bMcGraw-Hill College,
_c2002.
300 _axxix, 564 p. :
_bcol. ill. ;
_c26 cm.
650 0 _aFamilies
_zUnited States.
650 0 _aFamilies.
650 0 _aFamily policy.
942 _2lcc
_cBK
_n0
999 _c3065
_d3065